Garbera de recetas hernandianas / (Record no. 181506)
[ view plain ]
| 000 -LEADER | |
|---|---|
| campo de control de longitud fija | 01787nam a2200349 i 4500 |
| 001 - NÚMERO DE CONTROL | |
| campo de control | 181506 |
| 003 - IDENTIFICADOR DE NÚMERO DE CONTROL | |
| campo de control | ES-MaACL |
| 005 - FECHA Y HORA DE LA ÚLTIMA TRANSACCIÓN | |
| campo de control | 20240826063029.0 |
| 008 - DATOS DE LONGITUD FIJA--INFORMACIÓN GENERAL | |
| campo de control de longitud fija | 130125s2011 sp a |||| |dspa d |
| 020 ## - NÚMERO INTERNACIONAL ESTÁNDAR DEL LIBRO | |
| Número Internacional Estándar del Libro | 9788492904303 |
| 040 ## - FUENTE DE CATALOGACIÓN | |
| Centro/agencia transcriptor | ES-MaACL |
| 080 ## - NÚMERO DE LA CLASIFICACIÓN DECIMAL UNIVERSAL | |
| Número de la Clasificación Decimal Universal | 929 Hernández, Miguel |
| 080 ## - NÚMERO DE LA CLASIFICACIÓN DECIMAL UNIVERSAL | |
| Número de la Clasificación Decimal Universal | 641.5(460) |
| 080 ## - NÚMERO DE LA CLASIFICACIÓN DECIMAL UNIVERSAL | |
| Número de la Clasificación Decimal Universal | 641.55(083.12) |
| 100 1# - ENTRADA PRINCIPAL--NOMBRE DE PERSONA | |
| Nombre de persona | Ruiz Reig, Jaime, |
| Fechas asociadas al nombre | 1949- |
| Término indicativo de función/relación | Autor |
| 9 (RLIN) | 100904 |
| 245 10 - MENCIÓN DEL TÍTULO | |
| Título | Garbera de recetas hernandianas / |
| Mención de responsabilidad, etc. | Jaime Ruiz Reig |
| 250 ## - MENCION DE EDICION | |
| Mención de edición | Primera edición: noviembre 2011 |
| 260 ## - PUBLICACIÓN, DISTRIBUCIÓN, ETC. | |
| Lugar de publicación, distribución, etc. | Córdoba : |
| Nombre del editor, distribuidor, etc. | El Páramo, |
| Fecha de publicación, distribución, etc. | 2011 |
| 300 ## - DESCRIPCIÓN FÍSICA | |
| Extensión | 104 páginas : |
| Otras características físicas | ilustraciones (blanco y negro) ; |
| Dimensiones | 23 cm. |
| 500 ## - NOTA GENERAL | |
| Nota general | Índice |
| 520 ## - RESUMEN, ETC. | |
| Sumario, etc. | Garbera de Recetas Hernandianas nos recuerda cual era el secreto de la auténtica cocina popular: “ Hacer de cada producto, a través de la cocina, algo más que un alimento, una buena comida, una provisión de energía”. Con este recetario, tan estimulante y sabrosa, es muy fácil recomendar la lectura atenta del libro. Que, como los textos de cocina útiles, conservaremos en un rincón de la cocina, quién sabe si con manchas de aceite o con un grito penetrante de ajos tiernos. |
| 600 14 - PUNTO DE ACCESO ADICIONAL DE MATERIA--NOMBRE DE PERSONA | |
| Nombre de persona | Hernández, Miguel, |
| Fechas asociadas al nombre | 1910-1942 |
| 9 (RLIN) | 62844 |
| 650 #4 - PUNTO DE ACCESO ADICIONAL DE MATERIA--TÉRMINO DE MATERIA | |
| Término de materia o nombre geográfico como elemento de entrada | Cocina- |
| Subdivisión de forma | Recetas |
| 9 (RLIN) | 11127 |
| 650 #4 - PUNTO DE ACCESO ADICIONAL DE MATERIA--TÉRMINO DE MATERIA | |
| Término de materia o nombre geográfico como elemento de entrada | Gastronomía- |
| Subdivisión geográfica | España |
| 9 (RLIN) | 13039 |
| 852 ## - LOCALIZACIÓN | |
| Ubicación | ES-MaACL |
| Número de control de estantería | A-12580 |
| itemnumber | 188407 |
| Sublocalización o colección | R.148702 |
| Ubicación en estantería | Depósito 1 |
| Signatura antigua | Olim: N-5583 |
| Donativo/Legado | Donación: Jaime Ruiz Reig |
| Encuadernación | Encuadernación rústica con solapas |
| 852 ## - LOCALIZACIÓN | |
| Ubicación | ES-MaACL |
| Número de control de estantería | N-9391/Ej. 1 |
| Sublocalización o colección | R. 154627 |
| Ubicación en estantería | Depósito J |
| itemnumber | 200650 |
| Donativo/Legado | Donación: Jaime Ruiz Reig |
| Encuadernación | Encuadernación rústica con solapas |
| 903 ## - NOMBRE PERSONAL DE DONANTE | |
| a | Ruiz Reig, Jaime, |
| d | 1949- |
| e | Donante |
| 9 | 100904 |
| 942 ## - ELEMENTOS DE ENTRADA SECUNDARIOS (KOHA) | |
| Tipo de ítem Koha | Libro impreso |
| Suprimir en OPAC | No |
| Estatus retirado | Estado de pérdida | Fuente del sistema de clasificación o colocación | Estado de daño | No para préstamo | Biblioteca de origen | Biblioteca actual | Ubicación en estantería | Fecha de adquisición | Fuente de adquisición | Número de control de estantería | Total de préstamos | Signatura topográfica completa | Código de barras | Visto por última vez | Tipo de ítem Koha | Restricciones de uso |
|---|---|---|---|---|---|---|---|---|---|---|---|---|---|---|---|---|
| Clasificación decimal universal | Biblioteca del Ateneo de Madrid | Biblioteca del Ateneo de Madrid | Depósito 1 | 25/01/2013 | Donación | Ateneísta | A-12580 | 1190746 | 23/02/2023 | Libro impreso | ||||||
| Clasificación decimal universal | Biblioteca del Ateneo de Madrid | Biblioteca del Ateneo de Madrid | Depósito J | 18/10/2023 | Donación | Ateneísta | N-9391/Ej.1 | 101205939 | 18/10/2023 | Libro impreso | Duplicado |
